000 00912nam a2200265Ia 4500
003 OSt
005 20220925221655.0
006 a|||||r|||| 00| 0
007 ta
008 220923b |||||||| |||| 00| 0 eng d
020 _a9780262528917
_c1468.01
037 _b1030171, 08/03/2016, Atlantic Publisher & Distributers
_cGeneral Book
040 _aRTL
_cRTL
_beng
041 _2eng
_aeng
082 _aY:3(D6,9(B),2771, Q1
100 _aKRAUT Robert E
_9286900
245 0 _aBuilding successful online communities
_b Evidence-based social design
260 _aLondon
_bMIT Press
_c2011
300 _aix, 309p
_ccm.
500 _aReferences:Chapterwise
650 _aEconomics
700 _a RESNICK Paul
_9286901
942 _hY:3(D6,9(B),2771, Q1
_cGB
_2CC
999 _c575046
_d575046